La teoría del crecimiento (Registro nro. 5914)

Detalles MARC
000 -LEADER
fixed length control field 00853 a2200217 4500
001 - CONTROL NUMBER
control field 55352
005 - DATE AND TIME OF LATEST TRANSACTION
control field 20260407155827.0
008 - FIXED-LENGTH DATA ELEMENTS--GENERAL INFORMATION
fixed length control field 260407a1976 arg spa d
003 - CONTROL NUMBER IDENTIFIER
control field AR-UNSa-BCEJYS
040 ## - CATALOGING SOURCE
Original cataloging agency AR-UNSa-BCEJYS
Language of cataloging spa
Transcribing agency AR-UNSa-BCEJYS
080 ## - UNIVERSAL DECIMAL CLASSIFICATION NUMBER
Universal Decimal Classification number 330.35
Common auxiliary subdivision Crecimiento económico
020 ## - INTERNATIONAL STANDARD BOOK NUMBER
International Standard Book Number 84-375-0064-8
041 ## - LANGUAGE CODE
Language code of text/sound track or separate title spa
100 1# - MAIN ENTRY--PERSONAL NAME
Personal name Solow, Robert M.
245 10 - TITLE STATEMENT
Title La teoría del crecimiento
Name of part/section of a work una exposición
264 #1 - PRODUCTION, PUBLICATION, DISTRIBUTION, MANUFACTURE, AND COPYRIGHT NOTICE
Place of production, publication, distribution, manufacture México :
Name of producer, publisher, distributor, manufacturer Fondo de Cultura Económica
Date of production, publication, distribution, manufacture, or copyright notice 1976
300 ## - PHYSICAL DESCRIPTION
Extent 116 p.
Dimensions 21 cm.
505 ## - FORMATTED CONTENTS NOTE
Formatted contents note 1. Características de los estados estables - 2. Razón Capital/Producto variable - 3. Un modelo sin sustitución directa - 4. Un modelo con dos activos - 5. La política económica en un modelo de crecimiento - 6. Algunos aspectos de política económica
590 ## - LOCAL NOTE (RLIN)
Local note niveau_biblio:m niveau_hierar:0
942 ## - ADDED ENTRY ELEMENTS (KOHA)
Koha item type
Existencias
Withdrawn status Lost status Damaged status Not for loan Home library Current library Shelving location Date acquired Total checkouts Full call number Barcode Date last seen Price effective from Koha item type
        Biblioteca Prof. Eusebio Cleto del Rey Biblioteca Prof. Eusebio Cleto del Rey   07/04/2026   330.35 S689 L39363 07/04/2026 07/04/2026 Libro
        Biblioteca Prof. Eusebio Cleto del Rey Biblioteca Prof. Eusebio Cleto del Rey   07/04/2026   330.35 S689 L39362 07/04/2026 07/04/2026 Libro